000 00224nam a22000857a 4500
008 160712b xxu||||| |||| 00| 0 eng d
100 _92633
_a Kennedy, G
245 _aA Second Readers Notebook
260 _aN.Y
_b Harper & Row
_c1959
999 _c2287
_d2287